LEADER 01025cam0 22002411 450 001 SOBE00052581 005 20160610102506.0 100 $a20160609d1930 |||||ita|0103 ba 101 $aita 102 $aIT 200 1 $aCommemorazione del socio Enrico Cocchia letta alla R. Accademia di archeologia, lettere e belle arti nell'adunanza del 2 dicembre 1930$fAntonio Sogliano 210 $aNapoli$cAchille Cimmaruta$d1930 215 $a21 p.$d25 cm 700 1$aSogliano$b, Antonio$3A600200030619$4070$0524252 801 0$aIT$bUNISOB$c20160610$gRICA 850 $aUNISOB 852 $aUNISOB$j870|Opusc$m77610 912 $aSOBE00052581 940 $aM 102 Monografia moderna SBN 941 $aM 957 $a870|Opusc$b000031$gSI$d77610$!dedica dell'autore$!dedica dell'autore$1catenaccif$2UNISOB$3UNISOB$420160609113910.0$520160610102506.0$6catenaccif 996 $aCommemorazione del socio Enrico Cocchia letta alla R. Accademia di archeologia, lettere e belle arti nell'adunanza del 2 dicembre 1930$91724557 997 $aUNISOB LEADER 02008nam 2200385Ia 450 001 996384763003316 005 20200818213232.0 035 $a(CKB)4940000000066166 035 $a(EEBO)2240852632 035 $a(UnM)99897958e 035 $a(UnM)99897958 035 $a(EXLCZ)994940000000066166 100 $a19990303d1641 uy | 101 0 $aeng 135 $aurbn||||a|bb| 200 10$aCheap-side crosse censured and condemned$b[electronic resource] $eby a letter sent from the vicechancellour and other learned men of the famous Universitie of Oxford, in answer to a question propounded by the citizens of London, concerning the said crosse, in the yeere 1600, in which yeer it was beautified, as also some divine arguments taken out of a sermon against the crosse, a little after it was last repaired, by a learned and godly minister, M. Iohn Archer, sometimes preacher at Alhallows Lombardstreet about sixteen yeers past 210 $aLondon $cprinted by A.N. for I.R. and are to be sold at his shop in Pauls Church-yard$d1641 215 $a[2], 14 p 300 $aSigned and dated on page 10: George Abbot, vicechancellour, An. 1600. 300 $a"Other learned men" = Thomas Thornton, John Reinolds, Leonard Tailor, Henry Ayray, R. Kettley. 300 $aThe "sermon against the crosse" is by John Archer. 300 $aA collection of opinions arguing against the restoration of Cheapside Cross, considered a relic from Catholicism. 300 $aIn this edition 'Iohn Archer' is included in the title. 300 $aReproduction of original in the Bodleian Library, Oxford, England. 330 $aeebo-0014 606 $aCheapside Cross (London, England)$vEarly works to 1800 615 0$aCheapside Cross (London, England) 700 $aAbbot$b George$f1562-1633.$01002222 801 0$bCu-RivES 801 1$bCu-RivES 801 2$bWaOLN 906 $aBOOK 912 $a996384763003316 996 $aCheap-side crosse censured and condemned$92354667 997 $aUNISA